| 000 | 00702nam a2200205Ii 4500 | ||
|---|---|---|---|
| 003 | JO-AjNU | ||
| 008 | 230605s9999||||xx |||||||||||||| ||und|| | ||
| 040 |
_aJO-AjNU _bara _erda _cJO-AjNU |
||
| 041 | _aara | ||
| 050 | 1 | 4 | _aHV43 .M3342 1983 |
| 100 | 3 |
_aمحمد، محمود حسن, _eauthor _919190 |
|
| 245 | 0 | 0 | _aممارسة خدمة الفرد |
| 250 | _aط1 | ||
| 264 | 3 | 1 | _aبيروت: دار النهضة العربية، 1983 |
| 300 |
_a410ص _bيحتوي على ببلوغرافية من 387-410ص |
||
| 336 |
_atext _btxt _2rdacontent |
||
| 337 |
_aunmediated _bn _2rdamedia |
||
| 338 |
_avolume _bnc _2rdacarrier |
||
| 650 | 4 |
_aالخدمة الاجتماعية - خدمة الفرد _919191 |
|
| 999 |
_aA6280 _c9848 _d9848 |
||